| 000 | 00453nam a2200181Ia 4500 | ||
|---|---|---|---|
| 005 | 20250923144221.0 | ||
| 008 | 008 250917s9999 xx 000 0 eng d | ||
| 037 | _aTextual | ||
| 040 |
_aDSWL _beng _cDSWL |
||
| 041 |
_aeng _2eng |
||
| 084 |
_aW _qDSWL |
||
| 100 |
_aMurry, J.M _9822487 |
||
| 245 | 0 |
_aFree society _cby J.M Murry |
|
| 260 |
_aLondon _c1948 |
||
| 300 | _a292 p. | ||
| 942 |
_cTEXL _hW |
||
| 999 |
_c1436193 _d1436193 |
||